Quizzes
Events
Quiz Creation
Community
Videos
Private Events
Remove Ads
Sign In
Join for FREE
Feedback
Dark Mode
Quiz Categories
Sports
Geography
Music
Movies
Television
Just For Fun
Miscellaneous
History
Literature
Language
Science
Gaming
Entertainment
Religion
Holiday
For Kids
Quiz Lab
Recent
Popular Today
Quiz Kudos Today
Editor Picks
Curator Picks
Quizzes by...
Day
Popularity
Type
Ratings
Length
Year
Community
Subscriptions
Recent Discussions
Orange Saloon
Badges
Playlists
Quests
Create
Leaderboards
Showdown
Live 5
Trivia Bingo
Activity
Puzzle Library
Sporcle Events
Private Events
Virtual Trivia
Globe League
Become a Host
Pub Owners
SporcleCon
Opinionation
Our Games
Videos
Blog
Mobile Apps
Partnerships
Remove Ads and Go Orange
Feedback
Movies
Disney
Marvel Cinematic Universe
Movie Resume
Movie Titles
Oscar
Actor
Actress
Director
Pixar
Role
Movie Quotes
Movie Characters
Box Office
Nominee
Best Picture
Star Wars
James Bond
Horror Movies
Movies
Disney
Marvel Cinematic Universe
Movie Resume
Movie Titles
Oscar
Actor
Actress
Director
Pixar
Role
Movie Quotes
Movie Characters
Box Office
Nominee
Best Picture
Star Wars
James Bond
Horror Movies
Random Quiz
Search Sporcle
×
Quiz Lab
Quiz Lab
Movies
Movie Characters
Select answers by clicking on text or image buttons
Select answers by clicking on text or image buttons
Clickable
Best Score? Go Orange.
Movie Rivalries Stats
Can you match each character to their rival?
By
BigAl1994
7m
30 Questions
340 Plays
340 Plays
340 Plays
Comments
Comments
Give Quiz Kudos
Give Quiz Kudos
-
- Ratings
hide this ad
Replay
Link that replays current quiz
Next Quiz
Link to next quiz in quiz playlist
You Got
0%
They Got
Avg Score
66%
Avg Friend Score
Upgrade to see
Score Distribution
Jump to the score distribution portion of the page
Score
0/30
Timer
07:00
0
Plays Today
% Correct
Luke Skywalker
93.8%
Harry Potter
92.9%
Spider-Man
90.6%
Professor X
90.3%
Jack Sparrow
87.1%
Batman
85%
Superman
84.7%
Rocky Balboa
83.2%
Mister Fantastic
80.9%
Sherlock Holmes
80%
Neo
79.7%
Maximus Decimus Meridius
77.9%
Pete 'Maverick' Mitchell
74.4%
Iron Man
70.9%
Edward Cullen
68.8%
% Correct
Achilles
67.9%
Beatrix Kiddo
66.2%
Happy Gilmore
63.5%
Cady Heron
63.5%
Derek Zoolander
62.4%
Ron Burgundy
59.4%
Indiana Jones
59.1%
Daniel LaRusso
53.8%
Peter LaFleur
50.6%
Atticus Finch
48.2%
Inigo Montoya
45.3%
Annie Walker
37.1%
Chazz Michael Michaels
36.8%
Robert Angier
27.4%
Billy Hoyle
25.6%
Quiz Playlist
Details
Report
Send in Message
Add To Playlist
Clickable:
Select answers by clicking on text or image buttons
Last Updated: Feb 16, 2017
Quiz Scoreboard
CHALLENGE
Sign Up to Join the Scoreboard
Show All
Scores
Hide
Comments
May contain spoilers
Recently Published
9x9 Crossword: Cartoon Network
by jackfrog10
Miscellaneous
3m
College Basketball Coaching Resumes
by pancakes188
Sports
9m
Billboard Blitz: Fleetwood Mac
by CooCooCachoo
Music
15s
More to Explore
Quiz From the Vault
Featured Blog Post
Where Did the Easter Bunny Come From?
hide this ad
You Might Also Like...
Tags
Movie Characters Quiz
Comedy Movie
DC Villains
Marvel Movie
Movie Couples
Movie Villains
Spider-Man Villains
Superman Villains
Today's Top Quizzes in Movies
Browse Movies
hide this ad
Today's Top Quizzes in Movie Characters
Browse Movie Characters
Top Contributed Quizzes in Movies
1
Pick 5 Posters: Directed by Spielberg
2
7-to-1: Pixar Characters
3
Pick 5 Posters: Lowest-Rated Spielberg
4
Sorting Actors
5
Sorting Actresses
6
Pick 5 Posters: Directed by Scorsese
7
Hidden Star Wars Character II
8
Pick 5 Posters: Star & Director
9
Hidden Star Wars Character III
10
12 Movies about Fictional 1960s Events
Explore More
Trending Topics
Disney
NBA
Kpop
Harry Potter
Anime
Marvel
Crossword
Country
Pokémon
Puzzle
WWE
NFL
Song
The Office
Soccer
hide this ad
More By:
BigAl1994
Quiz
Plays
Rating
Category
Featured
Created
5 Scenes, 1 Actor
140,422
4.78
Movies
Apr 11, 2016
What Movie Is THAT From?
117,370
4.21
Movies
Mar 17, 2015
TV Side Characters: 10 to 1
108,699
4.19
Television
May 5, 2015
8 Scenes, 1 Movie!
98,537
4.72
Movies
Apr 13, 2016
TV Show Locations: 10 to 1
85,430
4.50
Television
May 15, 2015
Go to Creator's Profile
Score Distribution
Quiz Creator Spotlight
BigAl1994
Follow
Send a Message
Quizzes Created
-
Created Quiz Play Count
-
More By This Creator
Popular Quizzes Today
1
Find the US States - No Outlines Minefield
2
Find the Countries of Europe - No Outlines Minefield
3
The Countries of the World
4
Find the US States
5
Risky Map Clicking: Biggest States A-Z
6
US States
7
Popular People in 1961
8
Movies - When Are They Set?
More Movies Quizzes
1988 Movie Actress Huge Gallery
Quiz Lab
Trending Quizzes
Risky Map Clicking: Least Populous States A-Z
1-10 Letter G Words
1-10 Letter F Words
Risky Map Clicking: Next State Alphabetically
Adjectives in 80s TV Shows
Recently Updated
Leaping Animals
pecheneg
Reality TV Shows (A-Z)
bhenderson79
Rickey Henderson's Hall of Fame Teammates
pecheneg
Champions League XIs: Arsenal
pecheneg
Quick Pick: Celebrities in WWE's Hall of Fame
aduchscher
A-Z Keypad Blitz II
pecheneg
Multiple Oscar Actors
pecheneg
Mystery Phrase Blitz: Oscar 'Best Actors'
pecheneg
F. Scott Fitzgerald Novels
LTH
Pick 3 Villains
ddd62291
Trending Topics
Marvel
Disney
Kpop
Harry Potter
Anime
Crossword
NBA
Country
WWE
Song
Pokémon
Soccer
NFL
Puzzle
The Office
Your Account Isn't Verified!
In order to create a playlist on Sporcle, you need to verify the email address you used during registration. Go to your
Sporcle Settings
to finish the process.
Report this User
Report this user for behavior that violates our
Community Guidelines
.
Details:
Send Report
Go to the Sporcle.com Mobile Site →
Comments